000
00261 a2200109 4500
245
_a
THE CHURCH AND THE STRUGGLE FOR ZIMBABWE
_h
Text
020
_a
0869226940
100
_a
BANANA, CANAAN. S
650
_a
ZIMBABWE HISTORY 2000
005
20191017172859.0
260
_c
1996
084
_a
NONE
999
_c
9495
_d
9495